Toward decolonisation of african literature : african fiction and poetry and their critics (Record no. 36618)

MARC details
000 -LEADER
fixed length control field 00549nam a2200181Ia 4500
020 ## - INTERNATIONAL STANDARD BOOK NUMBER
ISBN 9781561009
050 ## - CALL MARK
Classification number PR 9340 .C48/
100 ## - STATEMENT OF RESPONSIBILITY--MAIN AUTHOR NAME
Personal name Chinweizu
245 #0 - TITLE STATEMENT
Title Toward decolonisation of african literature : african fiction and poetry and their critics
260 ## - PUBLICATION, DISTRIBUTION, ETC. (IMPRINT)
Place of publication Enugu
260 ## - PUBLICATION, DISTRIBUTION, ETC. (IMPRINT)
Name of publisher Fourth Dimension
260 ## - PUBLICATION, DISTRIBUTION, ETC. (IMPRINT)
Year of publication 1980
300 ## - PHYSICAL DESCRIPTION
Number of Pages 320 p
650 ## - SUBJECT ADDED ENTRY--TOPICAL TERM
Topical Term African literature (English) --History and criticism. Decolonization in literature.
942 ## - ADDED ENTRY ELEMENTS (KOHA)
Koha item type Books
Holdings
Withdrawn status Lost status Source of classification or shelving scheme Damaged status Not for loan Permanent Location Current Location Date acquired Accession Number Price effective from Koha item type
    Library of Congress Classification     NILE UNIVERSITY OF NIGERIA - MAIN LIBRARY NILE UNIVERSITY OF NIGERIA - MAIN LIBRARY 04/23/2025 0005801 04/23/2025 Books